00226nam a2200109Ia 4500003000400000005001700004008004100021020001700062040001000079100001400089245001300103OSt20240110115710.0170523s9999 xx 000 0 und d a081272071128 ciimtu aSingh.B.D 0aGenetics